1532 1813 1489 1705 1932 1710 1848 1459 1186 1752 1065 1265 1129 1583 1541 1133 1405 1798 1004 1299 1030 1051 1940 1435 1809 1723 1597 1775 1404 1166 1156 1018 1245 1454 1318 1185 1763 1226 1747 1828 1849 1429 1539 1170 1562 1889 1637 1279 1723 1130 1487 1390 1551 1952 1277 1853 1330 1571 1487 1814 1077 1768 1609 1596 1780 1374 1041 1516 1380 1890 1247 1784 1024 1447 1094 1560 1963 1887 1374 1905 1208 1421 1042 1843 1406 1080 1476 1231 1217 1011 1939 1485 1900 1473 1854 1428 1656 1313 1787 BCNSPRNW ULIB Ver.6.0+V

เปลี่ยนเป็นภาษาไทย

Change to English
 แสดงรายละเอียดบรรณานุกรม
  กลับหน้าหลัก

Brief Record : Get Marc (ISO 2709) : E-mail record : QR code < ปิดหน้าต่าง
LEADER : 00000nam 2200000uu 4500
001    13399124243
003     ULIB
008    141104s2555||||th 000 0 tha d
020    ^a9743293949
020    ^a9789743293948
060 04 ^aQY25^bส271ก
100 0  ^aชวนพิศ วงศ์สามัญ
245 10 ^aการตรวจทางห้องปฏิบัติการและการพยาบาล /^cชวนพิศ วงศ์สามัญ,กล้าเผชิญ โชคบำรุง
250    ^aพิมพ์ครั้งที่ 20
260    ^aขอนแก่น :^bภาควิชาพื้นฐานการพยาบาล คณะพยาบาลศาสตร์มหาวิทยาลัยขอนแก่น,^c2557
300    ^aก-ช, 281 หน้า ;^c21 ซม.
536    ^aได้รับการสนับสนุนจากกองทุนส่งเสริมการจัดพิมพ์ตำรามหาวิทยาลัยขอนแก่น
650  7 ^aการส่งตัวอย่าง
650  7 ^aการวินิจฉัยโรคทางห้องปฏิบัติการ
650  0 การพยาบาล
700 0  ^aกล้าเผชิญ โชคบำรุง
710 2  ^aมหาวิทยาลัยขอนแก่น. ^bคณะพยาบาลศาสตร์.^bภาควิชาพื้นฐานการพยาบาล
945    ^p150^l0^i039081
945    ^p150^l0^i039082
945    ^p150^l0^i039083
945    ^p150^l0^i039084
945    ^p150^l0^i039085
945    ^p150^l0^i039086
945    ^p150^l0^i039087
999    ^aเกษร โพธิ์สุวรรณ
รายการนี้ยังไม่มีแท็ก
คุณยังไม่ได้ล็อกอิน คุณสามารถมีกิจกรรมร่วมกับเว็บไซต์ได้ แต่ต้องล็อกอินก่อน ::
  ล็อกอิน

รายการสื่อสารสนเทศ

ลำดับที่ ประเภท เลขเรียก/บาร์โค้ด สถานที่ สถานะ
1. วิทยาศาสตร์การแพทย์ และสุขภาพ
วิทยาศาสตร์การแพทย์ และสุขภาพ
สถานะ=หนังสือเก่า
QY25 ส271ก ฉ.1 
  Barcode: 039081
ห้องสมุดวิทยาเขตสวรรค์ประชารักษ์
►ส่วนจัดเก็บหนังสือเก่า สปร
บนชั้น
  ขอยืม
2. วิทยาศาสตร์การแพทย์ และสุขภาพ
วิทยาศาสตร์การแพทย์ และสุขภาพ
สถานะ=หนังสือเก่า
QY25 ส271ก ฉ.2 
  Barcode: 039082
ห้องสมุดวิทยาเขตสวรรค์ประชารักษ์
►ส่วนจัดเก็บหนังสือเก่า สปร
บนชั้น
  ขอยืม
3. วิทยาศาสตร์การแพทย์ และสุขภาพ
วิทยาศาสตร์การแพทย์ และสุขภาพ
สถานะ=หนังสือเก่า
QY25 ส271ก ฉ.3 
  Barcode: 039083
ห้องสมุดวิทยาเขตสวรรค์ประชารักษ์
►ส่วนจัดเก็บหนังสือเก่า สปร
บนชั้น
  ขอยืม
4. วิทยาศาสตร์การแพทย์ และสุขภาพ
วิทยาศาสตร์การแพทย์ และสุขภาพ
QY25 ส271ก ฉ.4 
  Barcode: 039084
ห้องสมุดวิทยาเขตสวรรค์ประชารักษ์
►หนังสือทั่วไป
บนชั้น
5. วิทยาศาสตร์การแพทย์ และสุขภาพ
วิทยาศาสตร์การแพทย์ และสุขภาพ
สถานะ=หนังสือเก่า
QY25 ส271ก ฉ.5 
  Barcode: 039085
ห้องสมุดวิทยาเขตสวรรค์ประชารักษ์
►ส่วนจัดเก็บหนังสือเก่า สปร
บนชั้น
  ขอยืม
6. วิทยาศาสตร์การแพทย์ และสุขภาพ
วิทยาศาสตร์การแพทย์ และสุขภาพ
QY25 ส271ก ฉ.6 
  Barcode: 039086
ห้องสมุดวิทยาเขตสวรรค์ประชารักษ์
►หนังสือทั่วไป
บนชั้น
7. วิทยาศาสตร์การแพทย์ และสุขภาพ
วิทยาศาสตร์การแพทย์ และสุขภาพ
สถานะ=หนังสือเก่า
QY25 ส271ก ฉ.7 
  Barcode: 039087
ห้องสมุดวิทยาเขตสวรรค์ประชารักษ์
►ส่วนจัดเก็บหนังสือเก่า สปร
บนชั้น
  ขอยืม

รายการใกล้เคียง
    ผู้แต่ง [ชวนพิศ วงศ์สามัญ]

    หัวเรื่อง [การส่งตัวอย่าง]
    หัวเรื่อง [การวินิจฉัยโรคทางห้องปฏิบัติการ]
    หัวเรื่อง [การพยาบาล]

BibComment


ยังไม่เคยถูกคอมเมนท์

คอมเมนท์ทรัพยากรรายการนี้
  คอมเมนท์: การตรวจทางห้องปฏ..


 Copyright 2026. Bcnsprnw @Library